| 000 | 013420000a22002170004500 | ||
|---|---|---|---|
| 020 | _a84-270-0496-6 | ||
| 041 | 0 | _aSPA | |
| 082 | 0 | 4 | _aG 176 L7163g |
| 100 | 1 | _aLieberman, E. James (1934-) | |
| 245 | 1 | 0 | _aGuía sexual para jóvenes y del control de natalidad / E. James Lieberman, Ellen Peck ; Hernán Sabaté, Traductor |
| 260 | _aBarcelona, España : Martínez Roca | ||
| 300 | _a198 Pag. | ||
| 500 | _aTítulo original : Sex & birth control - A guide for the young | ||
| 505 | 0 | 0 | _ala sexualidad y los adolescentes: vivir en el limbo -- conocimiento, actitudes y conducta sexual de los jóvenes -- abstinencia e iniciación sexual -- la continencia periódica y el ciclo reproductivo -- el concón o preservativo -- la píldora -- la espiral o aparato intrauterino -- el diafragma(más las cremas espermicidas) --espumas, cremas y gelatinas vaginales -- otros métodos y falsos métodos -- diagnóstico e interrupción del embarazo -- esterilidad quirúrgica permanente -- las enfermedades venéreas -- la educación sexual -- ¿qué es normal? ¿qué es correcto? -- matrimonio, paternidad, familia |
| 650 | 1 | 4 | _aEDUCACION SEXUAL - PARA JOVENES \ CONTROL NATAL - ESTADOS UNIDOS |
| 001 | 1315 | ||
| 942 | _cBK | ||
| 999 |
_c32638 _d32638 |
||
| 336 |
_atexto _btxt _2rdacontent |
||
| 337 |
_2rdamedia _asin mediación _bn |
||
| 338 |
_2rdacarrier _avolumen _bnc |
||